000 00819nam a2200229Ia 4500
008 130821s2000 ck gr spa
020 _a9588087392
040 _aCo-BoUCM
_bspa
041 0 0 _aspa
100 _aSantos Zuluaga, Alfonso
_9157941
245 0 3 _aLa sociedad unipersonal
_cAlfonso Santos Zuluaga
260 _aMedellín (Antioquia, Colombia)
_bEdiciones Jurídicas Gustavo Ibañez
_c2000
300 _a93 páginas
504 _aIncluye bibliografía e índice
650 0 4 _aDerecho comercial
_912717
650 0 4 _aDerecho comercial
_zColombia
_933552
650 0 4 _aEmpresa unipersonal
_zColombia
_914104
650 0 4 _aSociedades comerciales
_zColombia
_942570
650 0 4 _aSociedades unipersonales
_924762
942 _cLIBRO
_a8
_e1
_mS237s
_2DEWEY
_h346.0652
999 _c29929
_d29929